Statistiques concernant Logos de marques fusionnés #3

Cliquez ici pour prendre le quiz!

Statistiques générales

  • Ce quiz a été pris 44 727 fois
  • Le résultat moyen est 18 sur 32

Statistiques - réponses

HintSectorRéponse% Correct
Alimentaire 🇺🇸Burger King
98%
Automobile 🇩🇪Audi
96%
Alimentaire 🇺🇸Kentucky Fried
Chicken
94%
Technologie 🇰🇷Samsung
94%
Jeu vidéo 🇯🇵Nintendo
93%
Réseau social 🇺🇸Pinterest
93%
Sport 🇰🇷Fila
91%
Luxe 🇫🇷Louis Vuitton
91%
Alimentaire 🇺🇸Kellogg's
88%
Jeu vidéo 🇯🇵PlayStation
85%
Sport 🇺🇸New Balance
84%
Alimentaire 🇺🇸Frito-Lay
79%
Luxe 🇮🇹Gucci
79%
Sport 🇯🇵Asics
78%
Mode 🇮🇹Ray-Ban
74%
Automobile 🇯🇵Suzuki
71%
Automobile 🇯🇵Nissan
64%
Quiz 🇺🇸JetPunk
62%
Jeu vidéo 🇺🇸Electronic Arts
61%
Sport 🇺🇸Converse
58%
Automobile 🇰🇷Hyundai
54%
Automobile 🇯🇵Yamaha
38%
Technologie 🇺🇸General Electric
29%
Sport 🇺🇸Under Armour
29%
Automobile 🇺🇸General Motors
14%
Alimentaire 🇺🇸Campbell's
10%
Énergie 🇺🇸Texaco
8%
Alimentaire
🇺🇸🇧🇪
Budweiser
6%
Sport 🇬🇧Speedo
6%
Alimentaire 🇩🇰Carlsberg
5%
Produits ménagers 🇺🇸Arm & Hammer
1%
Alimentaire 🇺🇸General Mills
1%

Distribution des résultats

Percentile par nombre de réponses

% des personnes avec chaque résultat

Votre développement - résultats

Vous n’avez pas pris ce quiz